000 00575nam a2200205Ia 4500
005 20250508162203.0
008 008 250505s9999 xx 000 0 eng d
020 _a0-521-29073-2
037 _aTextual
040 _aFEDL
_beng
_cFEDL
041 _aeng
_2eng
084 _a370.942, WAR
_qFEDL
100 _aWardle David
_9291059
245 0 _aEnglish popular education 1780-1975
260 _aCambridge
_bCambridge University Press
_c1976
300 _aviii,197p.
650 _aEducation
942 _cTEXL
_h370.942, WAR
999 _c1374905
_d1374905